Plan de mercadeo y evaluación de oportunidades comerciales (Registro nro. 7208)

Detalles MARC
000 -CABECERA
Campo de control 00739nam a2200205 a 4500
005 - FECHA Y HORA DE LA ULTIMA TRANSACCION
Campo de control 20150113144314.0
008 - ELEMENTOS DE LONGITUD FIJA—INFORMACION GENERAL
Campo de control 150113b xxu||||| |||| 00| 0 spa d
040 ## - FUENTE DE CATALOGACIÓN
Agencia catalogadora original CO-BoIAVH
Agencia transcriptora CO-BoIAVH
041 ## - IDIOMA
Código de idioma para texto/pista de sonido o título separado Español
090 ## - CLASIFICACIÓN LOCAL
Colección IAVH
Consecutivo 01395
100 ## - ASIENTO PRINCIPAL--NOMBRE PERSONAL
Nombre personal Torres N., Andrés
245 ## - MENCION DE TITULO
Título Plan de mercadeo y evaluación de oportunidades comerciales
Parte restante del título Informe final
260 ## - PUBLICACION, DISTRIBUCION, ETC. (PIE DE IMPRENTA)
Lugar de publicación, distribución, etc. Bogotá
Nombre del editor, distribuidor, etc. IAVH
Fecha de publicación, distribución, etc. 2006
300 ## - DESCRIPCION FISICA
Extensión 57 p.
505 ## - NOTA DE CONTENIDO
Nota de contenido CD Contiene: Copia del informe final -- Módulo de capacitación en mercadeo -- Plan de mercadeo -- Sondeo de mercado -- Taller Plan de mercadeo
650 ## - ASIENTO SECUNDARIO DE MATERIA - TERMINO TEMATICO
Término temático o nombre geográfico como elemento de entrada Plantas medicinales
650 ## - ASIENTO SECUNDARIO DE MATERIA - TERMINO TEMATICO
Término temático o nombre geográfico como elemento de entrada Plantas aromáticas
650 ## - ASIENTO SECUNDARIO DE MATERIA - TERMINO TEMATICO
Término temático o nombre geográfico como elemento de entrada Comercialización de productos
942 ## - ELEMENTOS ADICIONALES (KOHA)
Tipo de ítem Informe Técnico
Koha issues (borrowed), all copies 1
Sistema de clasificación Local
Existencias
Withdrawn status Lost status Sistema de Clasificación Damaged status No para préstamo Colección Inventariado Ubicación Permanente Ubicación actual Fecha de adquisición Total Checkouts Número topográfico Inventario / Código de Barras Date last seen Date checked out Ejemplar Price effective from Forma de adquisición Tipo de material
    Local     Humboldt Inventariado 2017 Bogotá Bogotá 25/11/2009 1 IAVH-01395 027791 09/08/2024 20/10/2014 Ej.1 04/12/2012   Informe Técnico
    Local     Humboldt   Bogotá Bogotá 25/11/2009   IAVH-01395 027792 04/12/2012   Ej.1 04/12/2012 Institucional CD-ROM